| 000 | 01379nam a22003617a 4500 | ||
|---|---|---|---|
| 003 | CHAP | ||
| 005 | 20220329133811.0 | ||
| 008 | 971013s1985 r 00010 d | ||
| 010 | _a11097 | ||
| 011 | _a12069 | ||
| 035 | _a13990 | ||
| 040 | _cCHAP | ||
| 082 | 0 | 4 |
_a575.1 _bF34Y |
| 100 | 0 | 0 |
_aFalconer, Douglas Scott. _939378 |
| 245 | 1 | _aProblemas en genética cuantitativa | |
| 260 |
_aMéxico, D. F. : _bCECSA, _c1985 |
||
| 300 | _a117 p. | ||
| 590 |
_aBATCH-UPD _b10 _c20130110 _lUCH01 _h1816 |
||
| 590 |
_aBATCH-UPD _b10 _c20130410 _lUCH01 _h1150 |
||
| 590 |
_aBATCH-UPD _b10 _c20130914 _lUCH01 _h1534 |
||
| 590 |
_aCONVERSION _b10 _c20130109 _lUCH01 _h1307 |
||
| 650 | 1 | 4 |
_aGenética. _947469 |
| 901 | _aBK | ||
| 942 | _cLIBRO | ||
| 949 |
_a575.1 F34Y _bBC _cLIBRO _d-146604 _eLIBRO _fc.8 _h70798 _i13990 _si |
||
| 949 |
_a575.1 F34Y _bBC _cLIBRO _d33724000157731 _eLIBRO _h67958 _i13990 _si |
||
| 949 |
_a575.1 F34Y _bBC _cLIBRO _d33724000157749 _eLIBRO _fc.7 _h70265 _i13990 _si |
||
| 949 |
_a575.1 F34Y _bBC _cLIBRO _d33724000157764 _eLIBRO _fc.3 _h67960 _i13990 _si |
||
| 949 |
_a575.1 F34Y _bBC _cLIBRO _d33724000157780 _eLIBRO _fc.4 _h67961 _i13990 _si |
||
| 949 |
_a575.1 F34Y _bBC _cLIBRO _d33724000157798 _eLIBRO _fc.2 _h67959 _i13990 _si |
||
| 949 |
_a575.1 F34Y _bBC _cLIBRO _d33724000642740 _eLIBRO _fc.6 _h70264 _i13990 _si |
||
| 949 |
_a575.1 F34Y _bBC _cLIBRO _d33724000833752 _eLIBRO _fc.5 _h67962 _i13990 _si |
||
| 999 |
_c11097 _d11097 |
||